00529cam a22001694a 4500020002600000020002200026041000800048082001700056100002100073245003700094260007200131300001700203650001900220942000700239952009600246999001700342 a0802846025 (Eerdmans) a0281052913 (SPCK) aENG00a234.163bWEL1 aWelker, Michael,10aWhat happens in Holy Communion?  aGrand Rapids, Mich. :bW.B. Eerdmans Pub. ;aLondon :bSPCK,c2000. axi, 192 p. ; 0aLord's Supper. cBK 00104070aHMIbHMIcGENd2018-11-15l0o234.163 WELp11003868r2026-01-16w2026-01-16yBK c22490d22490